| 000 | 00762nam a2200229 a 4500 | ||
|---|---|---|---|
| 005 | 20240605063802.0 | ||
| 008 | 010910s2000 ag r 000 0 spa d | ||
| 020 | _a9875380172 | ||
| 035 | _aUPN01000111177 | ||
| 049 | _aCG | ||
| 050 | 4 |
_aPN4785 _bD5.5 |
|
| 100 | 1 | _aDido, Juan Carlos | |
| 245 | 1 | 0 |
_aManual del pequeño periodista ilustrado : _bfundamentos y propuestas para el segundo ciclo / _cJuan Carlos Dido. |
| 260 |
_aBuenos Aires : _bNovedades Educativas, _c2000. |
||
| 300 |
_a89 p. : _bil. |
||
| 440 | 0 |
_aRecursos didácticos. _pPeriodismo |
|
| 500 | _a"Proyecto en la escuela 2000" | ||
| 650 | 4 |
_aPERIODISMO - _xESTUDIO Y ENSEÑANZA |
|
| 650 | 4 |
_aPeriodismo _vManuales _915202 |
|
| 650 | 0 |
_aPeriódicos en la educación _919316 |
|
| 905 | _aLibro | ||
| 999 |
_c85086 _d85086 |
||